Statystyki dla Państwa produkujące najwięcej ryżu

Kliknij tutaj aby rozwiązać quiz!

Ogólne statystyki

  • Ten quiz został rozwiązany 12 968 razy
  • Średni wynik to 9 z 14

Statystyki odpowiedzi

TonyKraj% Poprawnych
211 mlnChiny
100%
10,5 mlnJaponia
93%
178 mlnIndie
91%
54,6 mlnIndonezja
77%
43,4 mlnWietnam
77%
28,4 mlnTajlandia
72%
8,38 mlnStany Zjednoczone
71%
54,6 mlnBangladesz
57%
10,4 mlnBrazylia
57%
10,9 mlnKambodża
56%
11,1 mlnPakistan
56%
26,3 mlnMjanma
55%
18,8 mlnFilipiny
51%
8,44 mlnNigeria
18%

Rozkład punktacji

Percentyl według liczby udzielonych odpowiedzi

Procent ludzi z każdym wynikiem

Twoja historia wyników

Nie rozwiązałeś tego quizu